[Event "FIDE World Youth U16 Chess Olympiad SLOVAKIA 2016"]
[Site "Poprad Tatry SLOVAKIA"]
[Date "2016.07.29"]
[Round "9"]
[Board "3"]
[White "Du Plessis, Anika"]
[Black "Agulhas, Keegan"]
[Result "1/2-1/2"]
[WhiteElo "1248"]
[BlackElo "1716"]
[PlyCount "133"]
[EventDate "2016.07.22"]
[EventType "team"]
[EventRounds "9"]
[EventCountry "SVK"]
[WhiteTeam "South Africa 3"]
[BlackTeam "South Africa 1"]

1. d4 Nf6 2. Nf3 g6 3. c4 Bg7 4. Nc3 d6 5. Bg5 O-O 6. e3 a5 7. Bd3 Na6 8. a3
Bd7 9. O-O h6 10. Bh4 Qe8 11. Qe2 e5 12. dxe5 dxe5 13. Ne4 Nh7 14. Nc3 f5 15.
Bc2 g5 16. Bg3 f4 17. Qd3 Nf6 18. Nd5 e4 19. Nxf6+ Bxf6 20. Qd5+ Qe6 21. Bxe4
fxg3 22. hxg3 c6 23. Qd3 Kh8 24. Nd4 Qd6 25. Rad1 Nc5 26. Qc2 Nxe4 27. Qxe4 Qe5
28. Qxe5 Bxe5 29. Nf3 Rxf3 30. gxf3 Be6 31. b3 a4 32. f4 gxf4 33. exf4 Bg7 34.
Rd6 Bh3 35. Re1 axb3 36. Rd3 b2 37. Rb3 Ra7 38. Re8+ Kh7 39. Re7 Bf5 40. Rxb2
Bc8 41. Rb3 Kg6 42. Rc7 Ra8 43. Kg2 Bf8 44. a4 Bd6 45. Rxc8 Rxc8 46. Rxb7 Bc7
47. Kf3 Ba5 48. Ra7 Bb6 49. Ra6 Bd4 50. Kg2 Kf5 51. f3 Ke6 52. Ra5 Rb8 53. Rh5
Bg7 54. Ra5 Rb4 55. c5 Rc4 56. Ra8 Rxc5 57. a5 Rc2+ 58. Kh3 Ra2 59. a6 Bd4 60.
Kg4 Kf6 61. Rd8 Bc5 62. Ra8 Bd4 63. Rd8 Bc5 64. Ra8 Bf2 65. Rf8+ Kg7 66. Ra8
Ra5 67. f5 1/2-1/2

[Event "FIDE World Youth U16 Chess Olympiad SLOVAKIA 2016"]
[Site "Poprad Tatry SLOVAKIA"]
[Date "2016.07.29"]
[Round "9"]
[Board "4"]
[White "Joubert, Dantelle"]
[Black "Van Heerden, Lara"]
[Result "1-0"]
[WhiteElo "1453"]
[BlackElo "1259"]
[PlyCount "75"]
[EventDate "2016.07.22"]
[EventType "team"]
[EventRounds "9"]
[EventCountry "SVK"]
[WhiteTeam "South Africa 1"]
[BlackTeam "South Africa 3"]

1. e4 e5 2. Nf3 Nc6 3. Bb5 Nf6 4. d3 h6 5. O-O Bc5 6. Bxc6 bxc6 7. Nxe5 Qe7 8.
Nf3 O-O 9. h3 Bb7 10. Re1 Rfe8 11. e5 Nh7 12. d4 Bb6 13. a4 c5 14. a5 cxd4 15.
axb6 axb6 16. Rxa8 Rxa8 17. Nxd4 c5 18. Nf5 Qe6 19. Qg4 Kf8 20. Qxg7+ Ke8 21.
Qxh7 Kd8 22. Bxh6 Kc7 23. Nd6 f6 24. Nxb7 Kxb7 25. Qe4+ Ka7 26. Nc3 Kb8 27. Bf4
f5 28. Qf3 Ra7 29. Rd1 Kc8 30. Rd6 Qe7 31. Rxb6 Kc7 32. Nd5+ Kc8 33. Nxe7+ Kd8
34. Nxf5 Kc7 35. Rb5 Kd8 36. Rb8+ Kc7 37. e6+ d6 38. Bxd6# 1-0

[Event "FIDE World Youth U16 Chess Olympiad SLOVAKIA 2016"]
[Site "Poprad Tatry SLOVAKIA"]
[Date "2016.07.29"]
[Round "9"]
[Board "1"]
[White "Holly, Andrej"]
[Black "Van Zyl-Rudd, Jack"]
[Result "1/2-1/2"]
[WhiteElo "1783"]
[BlackElo "1766"]
[PlyCount "38"]
[EventDate "2016.07.22"]
[EventType "team"]
[EventRounds "9"]
[EventCountry "SVK"]
[WhiteTeam "Slovakia LSS B"]
[BlackTeam "South Africa 2"]

1. e4 c5 2. Nf3 Nc6 3. Bb5 e6 4. O-O a6 5. Bxc6 bxc6 6. d3 d5 7. Bg5 Be7 8.
Bxe7 Nxe7 9. Nbd2 O-O 10. c3 Rb8 11. Qc2 Qb6 12. Rab1 a5 13. Rfe1 Ng6 14. c4 h6
15. g3 Bd7 16. Qa4 Qb4 17. Qb3 a4 18. Qc2 Rfc8 19. a3 Qa5 1/2-1/2

[Event "FIDE World Youth U16 Chess Olympiad SLOVAKIA 2016"]
[Site "Poprad Tatry SLOVAKIA"]
[Date "2016.07.29"]
[Round "9"]
[Board "2"]
[White "Van Der Lingen, Cornelis Petru"]
[Black "Taragelova, Martina"]
[Result "1-0"]
[WhiteElo "1772"]
[BlackElo "1626"]
[PlyCount "47"]
[EventDate "2016.07.22"]
[EventType "team"]
[EventRounds "9"]
[EventCountry "SVK"]
[WhiteTeam "South Africa 2"]
[BlackTeam "Slovakia LSS B"]

1. e4 e5 2. Nf3 Nc6 3. d4 exd4 4. Nxd4 Nf6 5. Nc3 Bb4 6. Nxc6 bxc6 7. Bd3 O-O
8. O-O d5 9. exd5 cxd5 10. Bg5 c6 11. Qf3 Re8 12. Rfe1 Be6 13. h3 h6 14. Bd2
Rb8 15. b3 Kh8 16. a3 Bc5 17. Na4 Bd6 18. Be3 Qa5 19. Bxh6 Bxa3 20. Bf4 Bb4 21.
Re5 Kg8 22. Rd1 Rbd8 23. Rg5 Bf8 24. Bd2 1-0

[Event "FIDE World Youth U16 Chess Olympiad SLOVAKIA 2016"]
[Site "Poprad Tatry SLOVAKIA"]
[Date "2016.07.29"]
[Round "9"]
[Board "3"]
[White "Pogadl, Jakub"]
[Black "Marais, Daniel"]
[Result "0-1"]
[WhiteElo "1422"]
[BlackElo "1771"]
[PlyCount "60"]
[EventDate "2016.07.22"]
[EventType "team"]
[EventRounds "9"]
[EventCountry "SVK"]
[WhiteTeam "Slovakia LSS B"]
[BlackTeam "South Africa 2"]

1. c4 e6 2. Nc3 b6 3. g3 Bb7 4. Nf3 Bb4 5. Bg2 Nf6 6. O-O O-O 7. d4 Bxc3 8.
bxc3 d6 9. Re1 Nbd7 10. Rb1 c5 11. Ba3 Ne4 12. Qc2 Qf6 13. h4 h6 14. Qd3 Rfe8
15. Bh3 Rad8 16. Bc1 Qg6 17. Kg2 Ndf6 18. Be3 Nh5 19. g4 f5 20. g5 hxg5 21.
Bxg5 Nxg5 22. hxg5 Nf4+ 23. Kg3 Nxd3 24. exd3 f4+ 25. Kg2 Qxg5+ 26. Kh2 Bxf3
27. Rg1 Qh4 28. Rbf1 Kf7 29. a3 Qxh3+ 30. Kxh3 Rh8# 0-1

[Event "FIDE World Youth U16 Chess Olympiad SLOVAKIA 2016"]
[Site "Poprad Tatry SLOVAKIA"]
[Date "2016.07.29"]
[Round "9"]
[Board "4"]
[White "Surujhlal, Kayla"]
[Black "Datelova, Daniela"]
[Result "1-0"]
[WhiteElo "1352"]
[BlackElo "1272"]
[PlyCount "99"]
[EventDate "2016.07.22"]
[EventType "team"]
[EventRounds "9"]
[EventCountry "SVK"]
[WhiteTeam "South Africa 2"]
[BlackTeam "Slovakia LSS B"]

1. e4 d5 2. exd5 Nf6 3. Nc3 Nxd5 4. Bc4 Nxc3 5. Qf3 e6 6. Qxc3 Nc6 7. Ne2 Bd7
8. O-O e5 9. Qb3 Qf6 10. Qe3 Bd6 11. f4 O-O-O 12. fxe5 Qxe5 13. Qxe5 Nxe5 14.
Bxf7 Nxf7 15. Rxf7 Rde8 16. Ng3 Re1+ 17. Rf1 Bc5+ 18. Kh1 Rhe8 19. b3 Bd4 20.
c3 Bb5 21. d3 Bxd3 22. Bd2 Rxf1+ 23. Nxf1 Bxf1 24. Rxf1 Bc5 25. Re1 Rd8 26. Bg5
Rf8 27. Bh4 Kd7 28. b4 Bb6 29. h3 a5 30. Re7+ Kc8 31. Rxg7 Rf1+ 32. Kh2 Bg1+
33. Kg3 axb4 34. cxb4 Rf2 35. a4 Ra2 36. a5 Rb2 37. Rxh7 Bf2+ 38. Kh2 Bxh4 39.
Rxh4 Kb8 40. Rc4 c6 41. h4 Ka7 42. h5 Re2 43. Rc5 Re6 44. Kh3 b6 45. axb6+ Kxb6
46. Rg5 Rh6 47. Kh4 Kc7 48. Rg6 Rh8 49. h6 Kd7 50. Rg7+ 1-0

[Event "FIDE World Youth U16 Chess Olympiad SLOVAKIA 2016"]
[Site "Poprad Tatry SLOVAKIA"]
[Date "2016.07.29"]
[Round "9"]
[Board "1"]
[White "Giesinger, Elias"]
[Black "Kardis, Benjamin"]
[Result "1-0"]
[WhiteElo "2051"]
[BlackElo "1720"]
[PlyCount "167"]
[EventDate "2016.07.22"]
[EventType "team"]
[EventRounds "9"]
[EventCountry "SVK"]
[WhiteTeam "Switzerland"]
[BlackTeam "Slovakia PSZ"]

1. d4 Nf6 2. c4 e6 3. Nc3 Bb4 4. Qc2 d5 5. cxd5 exd5 6. Bg5 Bxc3+ 7. Qxc3 c6 8.
e3 Bf5 9. Nf3 Nbd7 10. Ne5 O-O 11. Nxd7 Bxd7 12. Bd3 Ne4 13. Bxd8 Nxc3 14. Bh4
Na4 15. b3 Nb6 16. O-O Rfe8 17. Rfc1 Nc8 18. Bg3 Ne7 19. Rc2 Bf5 20. Bxf5 Nxf5
21. Rac1 Nxg3 22. hxg3 a5 23. Rc5 Kf8 24. a3 Rec8 25. b4 axb4 26. axb4 Ke7 27.
f3 f5 28. b5 Kd7 29. Kh2 Ra3 30. e4 fxe4 31. fxe4 dxe4 32. d5 Kd6 33. dxc6 bxc6
34. bxc6 Ra7 35. R5c4 Rac7 36. Rxe4 Rxc6 37. Rd1+ Kc5 38. g4 R8c7 39. Re2 h6
40. Rc2+ Kb6 41. Rb1+ Ka7 42. Ra2+ Ra6 43. Rab2 g5 44. Rb3 Rf7 45. Kg3 Rc6 46.
Ra3+ Ra6 47. Rf3 Rxf3+ 48. gxf3 Rb6 49. Rf1 Rb3 50. Rh1 Rb6 51. Rh5 Kb7 52. f4
gxf4+ 53. Kxf4 Kc7 54. Rd5 Rf6+ 55. Ke5 Rg6 56. Rd4 Kc6 57. Kf4 Rf6+ 58. Kg3
Kc5 59. Rd1 Kc6 60. Kh4 Kc7 61. Kh5 Rf4 62. Rd2 Re4 63. Rd5 Re6 64. Rd4 Rf6 65.
Rd2 Re6 66. Rd5 Rf6 67. Rf5 Re6 68. Rf7+ Kd8 69. Rh7 Re4 70. Rxh6 Ke7 71. Rg6
Kf7 72. Kh6 Re3 73. Rg7+ Kf8 74. g5 Re6+ 75. Kh7 Re5 76. Rg8+ Ke7 77. g6 Rh5+
78. Kg7 Rf5 79. Ra8 Ke6 80. Ra6+ Ke7 81. Ra2 Rh5 82. Re2+ Kd6 83. Kg8 Rg5 84.
g7 1-0

[Event "FIDE World Youth U16 Chess Olympiad SLOVAKIA 2016"]
[Site "Poprad Tatry SLOVAKIA"]
[Date "2016.07.29"]
[Round "9"]
[Board "2"]
[White "Panko, Eduard"]
[Black "Stijve, Theo"]
[Result "0-1"]
[WhiteElo "1712"]
[BlackElo "2081"]
[PlyCount "102"]
[EventDate "2016.07.22"]
[EventType "team"]
[EventRounds "9"]
[EventCountry "SVK"]
[WhiteTeam "Slovakia PSZ"]
[BlackTeam "Switzerland"]

1. c4 Nf6 2. Nc3 e6 3. g3 d5 4. cxd5 exd5 5. d4 c6 6. Bg2 Bd6 7. Bg5 Nbd7 8. e3
h6 9. Bxf6 Nxf6 10. Nge2 O-O 11. O-O Bf5 12. Qd2 Re8 13. a3 a5 14. Nc1 Qd7 15.
Nd3 h5 16. Na4 Ne4 17. Qe2 Qe7 18. Rac1 h4 19. Nac5 Rac8 20. Nxe4 Bxe4 21. Rc3
Bxg2 22. Kxg2 Qe4+ 23. Kg1 h3 24. Ne1 Re6 25. Qd3 Qg4 26. f3 Qg5 27. f4 Qh5 28.
Nf3 Rce8 29. Qd2 f6 30. Qf2 Qg4 31. Kh1 R6e7 32. Kg1 Rf8 33. Nh4 Rfe8 34. Nf3
Rc8 35. Qc2 Re4 36. Nd2 Re6 37. Nf3 Rce8 38. Qf2 Bxf4 39. exf4 Re2 40. Ne5 fxe5
41. Qf3 Rg2+ 42. Kh1 Qxf3 43. Rcxf3 exd4 44. g4 Re3 45. Rxh3 Rxb2 46. Rxe3 dxe3
47. Re1 d4 48. Kg1 d3 49. Kf1 Rf2+ 50. Kg1 Re2 51. Rd1 d2 0-1

[Event "FIDE World Youth U16 Chess Olympiad SLOVAKIA 2016"]
[Site "Poprad Tatry SLOVAKIA"]
[Date "2016.07.29"]
[Round "9"]
[Board "3"]
[White "Meier, Lukas"]
[Black "Verbovsky, Michal"]
[Result "1-0"]
[WhiteElo "1874"]
[BlackElo "1685"]
[PlyCount "105"]
[EventDate "2016.07.22"]
[EventType "team"]
[EventRounds "9"]
[EventCountry "SVK"]
[WhiteTeam "Switzerland"]
[BlackTeam "Slovakia PSZ"]

1. e4 e5 2. Nf3 Nf6 3. d4 exd4 4. e5 Nd5 5. Qxd4 Nb6 6. Bd3 Nc6 7. Qe4 Qe7 8.
O-O Qb4 9. Qe3 g6 10. h4 Bg7 11. Re1 O-O 12. h5 d5 13. e6 Bxe6 14. hxg6 hxg6
15. Bxg6 Rae8 16. Bd3 Bd7 17. Qd2 Rxe1+ 18. Nxe1 Qxd2 19. Nxd2 Nb4 20. Bf1 Re8
21. Ndf3 Bg4 22. c3 Nc6 23. Bf4 Ne5 24. Kh2 c6 25. Kg3 Nxf3 26. Nxf3 Bxf3 27.
Kxf3 Nd7 28. g3 Ne5+ 29. Kg2 Ng6 30. Be3 a6 31. Be2 Be5 32. Bg4 Bb8 33. Rd1 Ne5
34. Bf5 Nc4 35. Bc1 Ba7 36. b3 Re2 37. Rf1 Nd2 38. Bd3 Nxf1 39. Bxe2 Nxg3 40.
Kxg3 Kg7 41. Bg4 b6 42. Bc8 a5 43. Bb7 c5 44. Bxd5 Kf6 45. Bf4 Ke7 46. Bc6 Ke6
47. Kg4 f6 48. c4 Ke7 49. Kf5 Kf7 50. Bd6 Kg7 51. Ke6 Kg6 52. Kd7 Kf5 53. Kc7
 1-0

[Event "FIDE World Youth U16 Chess Olympiad SLOVAKIA 2016"]
[Site "Poprad Tatry SLOVAKIA"]
[Date "2016.07.29"]
[Round "9"]
[Board "4"]
[White "Liscinska, Lucia"]
[Black "Tamrazyan, Gohar"]
[Result "1/2-1/2"]
[WhiteElo "1619"]
[BlackElo "1651"]
[PlyCount "79"]
[EventDate "2016.07.22"]
[EventType "team"]
[EventRounds "9"]
[EventCountry "SVK"]
[WhiteTeam "Slovakia PSZ"]
[BlackTeam "Switzerland"]

1. e4 e6 2. d4 d5 3. Nd2 dxe4 4. Nxe4 Nd7 5. Nf3 Ngf6 6. Nxf6+ Nxf6 7. Be2 c5
8. dxc5 Qxd1+ 9. Bxd1 Bxc5 10. O-O O-O 11. h3 b5 12. Re1 Bb7 13. Be3 Bxe3 14.
Rxe3 Rfd8 15. Re1 b4 16. a3 a5 17. axb4 axb4 18. Be2 g6 19. c3 bxc3 20. bxc3
Rac8 21. Rac1 Ne4 22. c4 Rc5 23. Rc2 Ba6 24. Ra1 Bb5 25. Rac1 Bc6 26. Kf1 f6
27. Ke1 e5 28. g3 Rc8 29. Nd2 Ng5 30. Nb3 Ba4 31. Nxc5 Bxc2 32. Nd7 Bb3 33.
Nxf6+ Kg7 34. Ng4 Nxh3 35. Nxe5 Ng5 36. Nf3 Nxf3+ 37. Bxf3 Rxc4 38. Rxc4 Bxc4
39. Kd2 Kf6 40. Ke3 1/2-1/2

[Event "FIDE World Youth U16 Chess Olympiad SLOVAKIA 2016"]
[Site "Poprad Tatry SLOVAKIA"]
[Date "2016.07.29"]
[Round "9"]
[Board "1"]
[White "Durica, Adam"]
[Black "Sankova, Stella"]
[Result "0-1"]
[WhiteElo "1944"]
[BlackElo "1911"]
[PlyCount "120"]
[EventDate "2016.07.22"]
[EventType "team"]
[EventRounds "9"]
[EventCountry "SVK"]
[WhiteTeam "Slovakia LSS A"]
[BlackTeam "Slovakia RSA BB Detva"]

1. Nf3 d5 2. g3 c6 3. Bg2 Bg4 4. d3 Nf6 5. Nbd2 Nbd7 6. O-O e6 7. b3 Be7 8. Bb2
O-O 9. Re1 a5 10. a3 Qc7 11. e4 Rfc8 12. h3 Bxf3 13. Nxf3 Nc5 14. e5 Nfd7 15.
Nh2 Na6 16. Qg4 Qb6 17. Nf3 c5 18. Rab1 Qd8 19. h4 b5 20. c4 Nc7 21. Bc1 Rab8
22. Ng5 bxc4 23. dxc4 Nb6 24. Rd1 Qe8 25. cxd5 Nbxd5 26. Bxd5 exd5 27. Nf3 Bf8
28. Bd2 Qb5 29. h5 Ne6 30. h6 g6 31. Qh4 Rb7 32. Kg2 Rcb8 33. Bg5 d4 34. Bf6
Qc6 35. b4 axb4 36. axb4 Rxb4 37. Rbc1 Rb3 38. Qg4 Ra8 39. Rb1 Raa3 40. Rxb3
Rxb3 41. Rc1 Bxh6 42. Rh1 Bg7 43. Bxg7 Kxg7 44. Rh5 Qxf3+ 45. Qxf3 Rxf3 46.
Rxh7+ Kxh7 47. Kxf3 c4 48. Ke4 c3 49. Kd3 Kh6 50. f3 Kg5 51. Ke2 Kf5 52. f4 Ke4
53. Kd1 d3 54. g4 Kxf4 55. g5 Kxe5 56. Kc1 Nxg5 57. Kd1 Ke4 58. Ke1 Ke3 59. Kd1
d2 60. Kc2 Ke2 0-1

[Event "FIDE World Youth U16 Chess Olympiad SLOVAKIA 2016"]
[Site "Poprad Tatry SLOVAKIA"]
[Date "2016.07.29"]
[Round "9"]
[Board "2"]
[White "Cibikova, Sofia Anna"]
[Black "Brnusak, Tomas"]
[Result "1/2-1/2"]
[WhiteElo "1682"]
[BlackElo "1632"]
[PlyCount "88"]
[EventDate "2016.07.22"]
[EventType "team"]
[EventRounds "9"]
[EventCountry "SVK"]
[WhiteTeam "Slovakia RSA BB Detva"]
[BlackTeam "Slovakia LSS A"]

1. Nf3 d5 2. d4 Nf6 3. Bf4 c5 4. e3 Nc6 5. c3 Qb6 6. Qc1 Bf5 7. Nbd2 e6 8. Be2
Be7 9. O-O O-O 10. h3 Ne4 11. Nxe4 Bxe4 12. Qd2 c4 13. Ne5 Nxe5 14. Bxe5 Rac8
15. Rac1 Bd6 16. Bxd6 Qxd6 17. Bd1 h6 18. Bc2 Bxc2 19. Qxc2 f5 20. f4 Rc7 21.
Rf3 g5 22. Rf2 Rg7 23. Kh2 g4 24. hxg4 Rxg4 25. g3 Rf7 26. Rg2 Rfg7 27. Rh1 Qe7
28. Qf2 Qf7 29. Kg1 Qg6 30. Rh3 h5 31. Kh2 Rh7 32. Rh4 Kf7 33. Qc2 Qf6 34. Qf2
b5 35. Kg1 Rxh4 36. gxh4 Rg7 37. Rxg7+ Qxg7+ 38. Qg2 Qxg2+ 39. Kxg2 Ke7 40. Kf2
Kd6 41. Ke2 Kc6 42. Kd2 a5 43. Kc2 b4 44. a4 b3+ 1/2-1/2

[Event "FIDE World Youth U16 Chess Olympiad SLOVAKIA 2016"]
[Site "Poprad Tatry SLOVAKIA"]
[Date "2016.07.29"]
[Round "9"]
[Board "3"]
[White "Korenova, Simona"]
[Black "Cabanova, Kristina"]
[Result "1/2-1/2"]
[WhiteElo "1638"]
[BlackElo "1609"]
[PlyCount "76"]
[EventDate "2016.07.22"]
[EventType "team"]
[EventRounds "9"]
[EventCountry "SVK"]
[WhiteTeam "Slovakia LSS A"]
[BlackTeam "Slovakia RSA BB Detva"]

1. d4 d5 2. c4 c6 3. cxd5 cxd5 4. Nc3 Nf6 5. Nf3 Nc6 6. Bf4 Bf5 7. e3 a6 8. Rc1
e6 9. a3 Rc8 10. Be2 Be7 11. O-O O-O 12. Na4 Ne4 13. Ne5 Nb8 14. Rxc8 Qxc8 15.
Qc1 b5 16. Qxc8 Rxc8 17. Nb6 Rd8 18. Rc1 g5 19. Bg3 Nxg3 20. hxg3 f6 21. Nc6
Nxc6 22. Rxc6 e5 23. g4 Bg6 24. a4 Be8 25. Rc8 Rxc8 26. Nxc8 Kf7 27. axb5 Bxb5
28. Bxb5 axb5 29. Nxe7 Kxe7 30. b4 Ke6 31. Kh2 f5 32. Kg3 f4+ 33. Kf3 e4+ 34.
Ke2 fxe3 35. fxe3 Kf6 36. Kf2 Kg6 37. Kg3 h6 38. Kh3 Kf6 1/2-1/2

[Event "FIDE World Youth U16 Chess Olympiad SLOVAKIA 2016"]
[Site "Poprad Tatry SLOVAKIA"]
[Date "2016.07.29"]
[Round "9"]
[Board "4"]
[White "Bobro, Jan"]
[Black "Pogadl, Martin"]
[Result "1/2-1/2"]
[WhiteElo "1554"]
[BlackElo "1445"]
[PlyCount "81"]
[EventDate "2016.07.22"]
[EventType "team"]
[EventRounds "9"]
[EventCountry "SVK"]
[WhiteTeam "Slovakia RSA BB Detva"]
[BlackTeam "Slovakia LSS A"]

1. c4 Nf6 2. Nc3 g6 3. g3 Bg7 4. Bg2 d6 5. Nf3 O-O 6. O-O Nbd7 7. d4 e5 8. dxe5
dxe5 9. Bg5 Re8 10. Nd5 c6 11. Nxf6+ Bxf6 12. Bxf6 Qxf6 13. Qc2 Nc5 14. Qc3 Ne4
15. Qe3 Nd6 16. b3 Bf5 17. Qc3 Rad8 18. Rfd1 Qe7 19. Nh4 Rd7 20. Nxf5 Nxf5 21.
Rxd7 Qxd7 22. Bh3 Qd4 23. Qxd4 Nxd4 24. e3 Nf3+ 25. Kg2 Nd2 26. Rd1 Rd8 27. f3
Kf8 28. Bc8 Rxc8 29. Rxd2 Ke7 30. e4 Rd8 31. Rxd8 Kxd8 32. Kf2 Ke7 33. Ke3 Ke6
34. h4 h5 35. g4 f6 36. gxh5 gxh5 37. f4 c5 38. a3 b6 39. f5+ Kd6 40. Kd3 a6
41. Kc3 1/2-1/2

[Event "FIDE World Youth U16 Chess Olympiad SLOVAKIA 2016"]
[Site "Poprad Tatry SLOVAKIA"]
[Date "2016.07.29"]
[Round "9"]
[Board "1"]
[White "Michaelides, Konstantinos"]
[Black "Ihnat, Marek"]
[Result "1-0"]
[WhiteElo "2154"]
[BlackElo "1827"]
[PlyCount "77"]
[EventDate "2016.07.22"]
[EventType "team"]
[EventRounds "9"]
[EventCountry "SVK"]
[WhiteTeam "Cyprus"]
[BlackTeam "Slovakia KSZ"]

1. e4 c5 2. Nf3 d6 3. d4 cxd4 4. Nxd4 Nf6 5. Nc3 g6 6. Be3 Bg7 7. f3 O-O 8. Qd2
Nc6 9. Bc4 Bd7 10. Bb3 Rc8 11. O-O-O Ne5 12. Bh6 Bxh6 13. Qxh6 Rxc3 14. bxc3
Qa5 15. Kb1 Rc8 16. Qc1 Qxc3 17. Qb2 Qc5 18. Ka1 b5 19. a3 a5 20. Rhe1 b4 21.
a4 Nc4 22. Qa2 Be8 23. Bxc4 Qxc4 24. Qxc4 Rxc4 25. Kb2 Nd7 26. Nb3 Nc5 27. Nxc5
Rxc5 28. Rd5 Bxa4 29. Rxc5 dxc5 30. Ra1 Bb5 31. Rxa5 Bf1 32. Rxc5 Bxg2 33. f4
Bxe4 34. Re5 Bg2 35. Rxe7 Kg7 36. Kb3 Kf6 37. Re5 h6 38. Re2 Bd5+ 39. Kxb4 1-0

[Event "FIDE World Youth U16 Chess Olympiad SLOVAKIA 2016"]
[Site "Poprad Tatry SLOVAKIA"]
[Date "2016.07.29"]
[Round "9"]
[Board "2"]
[White "Ondo, Tomas"]
[Black "Hadjinicolaou, Andreas"]
[Result "1-0"]
[WhiteElo "1795"]
[BlackElo "1618"]
[PlyCount "119"]
[EventDate "2016.07.22"]
[EventType "team"]
[EventRounds "9"]
[EventCountry "SVK"]
[WhiteTeam "Slovakia KSZ"]
[BlackTeam "Cyprus"]

1. e4 c5 2. c4 Nc6 3. g3 d6 4. Bg2 g6 5. Nc3 Bg7 6. d3 Nf6 7. h3 O-O 8. Be3 a6
9. Nge2 Rb8 10. Rc1 Bd7 11. O-O Qc8 12. Kh2 b5 13. b3 e6 14. f4 b4 15. Nb1 Re8
16. g4 Nd4 17. Ng3 h6 18. Nd2 Qc7 19. Nf3 Nh7 20. Ne2 Nxe2 21. Qxe2 f5 22. Nd2
Qa5 23. Rc2 Qc7 24. Rd1 a5 25. Nf1 e5 26. gxf5 gxf5 27. Bc1 Be6 28. Ng3 Qf7 29.
Rf1 Qg6 30. Nxf5 Bxf5 31. exf5 Qxf5 32. Be4 Qd7 33. f5 Nf6 34. Qg2 Nxe4 35.
dxe4 Kh7 36. Qg6+ Kh8 37. Bxh6 Rg8 38. Bxg7+ Qxg7 39. Qh5+ Qh7 40. Qxh7+ Kxh7
41. Rd2 Rgd8 42. Rfd1 Rb6 43. Rd5 Rc6 44. Rxe5 dxe5 45. Rxd8 Kh6 46. Rd5 Kg5
47. Rxe5 Rd6 48. Rd5 Rh6 49. Kg3 Kf6 50. Rd6+ Kg7 51. Rxh6 Kxh6 52. Kg4 Kg7 53.
Kg5 Kf7 54. e5 Ke7 55. Kg6 Ke8 56. Kg7 Ke7 57. h4 Kd8 58. h5 Ke7 59. h6 Ke8 60.
h7 1-0

[Event "FIDE World Youth U16 Chess Olympiad SLOVAKIA 2016"]
[Site "Poprad Tatry SLOVAKIA"]
[Date "2016.07.29"]
[Round "9"]
[Board "3"]
[White "Theocharous, Mikis"]
[Black "Petura, Samuel"]
[Result "0-1"]
[WhiteElo "1604"]
[BlackElo "1632"]
[PlyCount "76"]
[EventDate "2016.07.22"]
[EventType "team"]
[EventRounds "9"]
[EventCountry "SVK"]
[WhiteTeam "Cyprus"]
[BlackTeam "Slovakia KSZ"]

1. e4 e5 2. Nf3 Nc6 3. Bb5 Bc5 4. c3 d6 5. h3 Nf6 6. d3 O-O 7. Bg5 h6 8. Bh4 g5
9. Bg3 Nh5 10. d4 exd4 11. cxd4 Bb6 12. Nc3 Ne7 13. Qd2 Ng6 14. Nd5 c6 15. Nxb6
axb6 16. Bd3 Ngf4 17. Bxf4 Nxf4 18. Kf1 Qf6 19. e5 dxe5 20. dxe5 Qg7 21. Bc4
Be6 22. Bxe6 Nxe6 23. Qb4 b5 24. g3 Qg6 25. Qd2 Rfd8 26. Qe2 Nd4 27. Nxd4 Rxd4
28. f3 Qe6 29. b3 Rad8 30. Re1 Rd2 31. Qe4 Rxa2 32. h4 Rdd2 33. Rb1 Rf2+ 34.
Kg1 Rfe2 35. Qd4 Qxe5 36. Qd8+ Kg7 37. Qd1 Qe3+ 38. Kf1 Qf2# 0-1

[Event "FIDE World Youth U16 Chess Olympiad SLOVAKIA 2016"]
[Site "Poprad Tatry SLOVAKIA"]
[Date "2016.07.29"]
[Round "9"]
[Board "4"]
[White "Simonova, Stela"]
[Black "Charalambous, Charalambos"]
[Result "1/2-1/2"]
[WhiteElo "1427"]
[BlackElo "1593"]
[PlyCount "56"]
[EventDate "2016.07.22"]
[EventType "team"]
[EventRounds "9"]
[EventCountry "SVK"]
[WhiteTeam "Slovakia KSZ"]
[BlackTeam "Cyprus"]

1. e4 c5 2. Nf3 Nc6 3. Nc3 Nf6 4. d4 cxd4 5. Nxd4 e5 6. Nxc6 bxc6 7. Bg5 Be7 8.
Bc4 O-O 9. Qd2 Qc7 10. O-O Rd8 11. Rfe1 d6 12. Rad1 Be6 13. Bxe6 fxe6 14. Re3
d5 15. exd5 exd5 16. Rg3 Rf8 17. Bh6 Rf7 18. Re1 g6 19. Bg5 Rb8 20. Bxf6 Bxf6
21. b3 Bg7 22. Re2 Rbf8 23. a4 a5 24. Rh3 Qb6 25. Rh4 e4 26. Rh3 Bd4 27. Nd1
Bg7 28. Nc3 Bd4 1/2-1/2